Musical Acts by Letter - V - Statistics

General Stats
  • This quiz has been taken 354 times
    154 since last reset
  • The average score is 6 of 14
Answer Stats
Years Active Songs Band or Artist % Correct
1985– Ice Ice Baby | Ninja Rap Vanilla Ice
88%
1977– Y.M.C.A. | Macho Man Village People
85%
1973–2020 Jump | Panama Van Halen
76%
1990–1995, 1997–1999 Bitter Sweet Symphony | Drugs Don't Work The Verve
64%
1958– Brown Eyed Girl | Into the Mystic Van Morrison
61%
2013– Riptide | Mess Is Mine Vance Joy
50%
2000– A Thousand Miles | Ordinary Day Vanessa Carlton
37%
1997–2004, 2007– Boom, Boom, Boom, Boom!! Vengaboys
33%
1964–1973 Pale Blue Eyes | Sunday Morning The Velvet Underground
25%
2006– A-Punk | Campus Vampire Weekend
21%
2001– Untouched | 4ever The Veronicas
13%
2012– All Night | Can We Dance The Vamps
10%
2015– Telephones | Young Vacations
7%
2001– Still Counting | Lola Montez Volbeat
7%
No matching quizzes found
Score Distribution
Percent of People with Each Score
Percentile by Number Answered
Your Score History
You have not taken this quiz since the last reset